Practical Lessons in Leadership <A> Guidebook for Aspiring and Experienced Leaders
Enregistré dans:
| Auteur principal: | |
|---|---|
| Autres auteurs: | |
| Format: | Livre |
| Langue: | anglais |
| Publié: |
Victoria
Trafford Publishing
2007
|
| Sujets: | |
| Tags: |
Pas de tags, Soyez le premier à ajouter un tag!
|
MARC
| LEADER | 00000nam a2200000 4500 | ||
|---|---|---|---|
| 001 | 0246910 | ||
| 005 | 20240313133358.3 | ||
| 020 | |a 978-1-4251-2249-2 | ||
| 020 | |a 142512249-3 | ||
| 041 | 0 | |a eng | |
| 044 | |a CA | ||
| 245 | 1 | 0 | |a Practical Lessons in Leadership |b <A> Guidebook for Aspiring and Experienced Leaders |c Art Petty and Rich Petro |
| 264 | 1 | |a Victoria |b Trafford Publishing |c 2007 | |
| 300 | |a 219 s. | ||
| 610 | 2 | 0 | |a lídri |
| 610 | 2 | 0 | |a pracovníci riadiaci |
| 610 | 2 | 0 | |a vodcovstvo |
| 610 | 2 | 0 | |a vedenie ľudí |
| 610 | 2 | 0 | |a tímy pracovné |
| 610 | 2 | 0 | |a zodpovednosť |
| 610 | 2 | 0 | |a kreativita |
| 100 | 1 | |a Petty, Art | |
| 700 | 1 | |a Petro, Rich | |